Principles and applications of ferroelectrics and related materials /

This text develops the modern theory of ferroelectricity in terms of soft modes and lattice dynamics, and also describes modern techniques of measurement, including x-ray, optic and neutron scattering, and magnetic resonance.

Bibliographic Details
Main Authors: Lines, Malcolm E., Glass, A. M. (Alastair M.) (Author)
Format: eBook
Language:English
Published: Oxford : New York : Clarendon Press ; Oxford University Press, 2001.
Series:Oxford classic texts in the physical sciences.
Subjects:
Online Access:Connect to the full text of this electronic book

MARC

Tag First Indicator Second Indicator Subfields
LEADER 00000cam a2200000 a 4500
001 in00005705248
005 20260318175832.1
006 m o d
007 cr |||||||||||
008 100419r20011977enka ob 001 0 eng
040 |a CGU  |b eng  |e pn  |c CGU  |d COO  |d OTZ  |d OCLCQ  |d OCLCO  |d OCLCF  |d YDXCP  |d DHA  |d OCLCQ  |d OCLCO  |d OCLCQ  |d STBDS  |d AU@  |d YOU  |d UCW  |d OCLCQ  |d OCLCO  |d MVS  |d OCLCO  |d OCLCQ  |d OCLCO  |d OCLCQ  |d OCLCL 
015 |a GBA0W0140  |2 bnb 
019 |a 912933593  |a 1058012336  |a 1077861395  |a 1196352619 
020 |a 019850778X  |q (acid-free paper) 
020 |a 9780198507789  |q (acid-free paper) 
035 |a (OCoLC)607925011  |z (OCoLC)912933593  |z (OCoLC)1058012336  |z (OCoLC)1077861395  |z (OCoLC)1196352619 
050 4 |a QC596.5  |b .L56 2001 
082 0 4 |a 537/.244  |2 21 
049 |a TXAM 
100 1 |a Lines, Malcolm E. 
245 1 0 |a Principles and applications of ferroelectrics and related materials /  |c by M.E. Lines and A.M. Glass. 
260 |a Oxford :  |b Clarendon Press ;  |a New York :  |b Oxford University Press,  |c 2001. 
300 |a 1 online resource (xiii, 680 pages) :  |b illustrations 
336 |a text  |b txt  |2 rdacontent 
337 |a computer  |b c  |2 rdamedia 
338 |a online resource  |b cr  |2 rdacarrier 
490 1 |a Oxford classic texts in the physical sciences 
504 |a Includes bibliographical references (pages 633-662) and indexes. 
520 8 |a This text develops the modern theory of ferroelectricity in terms of soft modes and lattice dynamics, and also describes modern techniques of measurement, including x-ray, optic and neutron scattering, and magnetic resonance. 
505 0 |a 1. Basic Concepts -- 2. Statistical Theory, Soft Modes, and Phase Transitions -- 3. Macroscopics and Phenomenology -- 4. Domains, Imperfections, and Polarization Reversal -- 5. Experimental Study of Thermodynamic Properties -- 6. Structural Crystallography and Phase Transitions -- 7. Study of Soft Modes Using Infrared and Optic Techniques -- 8. Oxygen Octahedra -- 9. Order-Disorder Ferroelectrics -- 10. Coupling to the Soft Mode -- 11. Critical Phenomena -- 12. Magnetic and Optic Studies of Local Environment -- 13. Non-Linear Optics -- 14. Semiconductor Ferroelectrics -- 15. Films, Ceramics, and Metastable Polarization -- 16. Applications of Ferroelectrics. 
650 0 |a Ferroelectricity. 
650 0 |a Ferroelectric crystals. 
650 6 |a Ferroélectricité. 
650 6 |a Cristaux ferroélectriques. 
650 7 |a Ferroelectric crystals  |2 fast 
650 7 |a Ferroelectricity  |2 fast 
650 1 7 |a Vaste stoffen.  |2 gtt 
650 1 7 |a Ferro-elektriciteit.  |2 gtt 
655 7 |a Electronic books.  |2 local 
700 1 |a Glass, A. M.  |q (Alastair M.),  |e author.  |1 https://id.oclc.org/worldcat/entity/E39PCjJjyg8r7Xx7XbHK87Qtjy 
776 0 8 |i Print version:  |a Lines, Malcolm E.  |t Principles and applications of ferroelectrics and related materials.  |d Oxford : Clarendon Press ; New York : Oxford University Press, 2001  |z 019850778X  |w (DLC) 2001268331  |w (OCoLC)45316165 
830 0 |a Oxford classic texts in the physical sciences. 
856 4 0 |u http://proxy.library.tamu.edu/login?url=https://academic.oup.com/book/25990  |z Connect to the full text of this electronic book  |t 0 
955 |a Oxford Scholarship Online 
994 |a 92  |b TXA 
999 f f |i 0e934ff8-fe9d-4e92-8574-8d715e755159  |s e0f4404c-e682-4f89-946e-4581624015d4  |t 0 
952 f f |a Texas A&M University  |b College Station  |c Electronic Resources  |s www_evans  |d Available Online  |t 0  |e QC596.5 .L56 2001  |h Library of Congress classification 
998 f f |a QC596.5 .L56 2001  |t 0  |l Available Online